000 00284nam a2200121Ia 4500
005 20251222141922.0
008 251222s9999||||xx |||||||||||||| ||spa||
020 _a978-84-234-2284-5
082 _a658.406.3/H22
245 0 _aCreatividad e Innovación
264 _bDuesto
942 _cLIB
999 _c8732
_d8732